000 00687nam a2200217Ia 4500
001 9174
003 GE_BSU
008 181216s||||||||xx |||||||||||||| ||und||
040 _cGE_BSU
245 _aInternational Review of the red Cross. Volume 94. Number 887 Autumn 2012
245 _bHumanitarian debate:Law,policy,action. Business,violence and conflict
245 _cEditor-in-Chief Vincent Bernard
260 _aCambridge
260 _bCambridge university press
260 _c2012
300 _a879-1188p.23cm.
653 _aHumanitarian debate:Law,policy,action
653 _aInternational Review of the red Cross
653 _aპერიოდიკა
942 _cCR
999 _c42478
_d42478